[Event "Rosenbloom mem."]
[Site "Winnipeg CAN"]
[Date "2016.11.22"]
[Round "4"]
[White "Valentino, Marcos"]
[Black "Rutter, Blair"]
[Result "1-0"]
[WhiteElo "2224"]
[BlackElo "1875"]
[PlyCount "65"]
[EventDate "2016.11.01"]
[EventType "swiss"]
[EventRounds "7"]
[EventCountry "CAN"]

1. d4 d5 2. c4 Nf6 3. Nc3 e6 4. Bg5 c6 5. e3 Bb4 6. Bxf6 Qxf6 7. Nf3 Nd7 8. a3
Bd6 9. e4 dxe4 10. Nxe4 Qe7 11. Bd3 Nf6 12. O-O O-O 13. Re1 Bd7 14. Nfg5 g6 15.
Qf3 Kg7 16. Nxf6 Qxf6 17. Qxf6+ Kxf6 18. Nxh7+ Kg7 19. Nxf8 Rxf8 20. g3 f5 21.
Rad1 f4 22. c5 Bc7 23. Bc4 fxg3 24. hxg3 Kf6 25. Re3 Re8 26. Rde1 b6 27. b4
bxc5 28. bxc5 g5 29. Kg2 Ba5 30. Rb1 Re7 31. Rb7 Bd2 32. Rd3 Bc1 33. Rb1 1-0

[Event "Rosenbloom mem."]
[Site "Winnipeg CAN"]
[Date "2016.11.22"]
[Round "4"]
[White "Wolchock, Theo"]
[Black "Bince, Rolando"]
[Result "0-1"]
[WhiteElo "2001"]
[BlackElo "1975"]
[PlyCount "86"]
[EventDate "2016.11.01"]
[EventType "swiss"]
[EventRounds "7"]
[EventCountry "CAN"]

1. c4 e5 2. g3 Nf6 3. Bg2 c6 4. d4 Bb4+ 5. Bd2 Bxd2+ 6. Qxd2 e4 7. Nc3 d5 8.
cxd5 cxd5 9. Nh3 O-O 10. O-O Bxh3 11. Bxh3 Nc6 12. e3 a6 13. Rac1 Qd6 14. a3
Nd7 15. Na4 f5 16. Qc3 Rac8 17. Nc5 Nxc5 18. Qxc5 Qxc5 19. Rxc5 Ne7 20. Rfc1
Rc6 21. Rxc6 bxc6 22. Rc5 Rb8 23. b4 Rb5 24. Bf1 Rxc5 25. bxc5 a5 26. Ba6 Kf7
27. Kf1 g5 28. Ke2 Ke6 29. Kd2 Kd7 30. Kc3 h5 31. Be2 h4 32. gxh4 gxh4 33. Bh5
Ng8 34. Kb3 Nf6 35. Bg6 Ke6 36. h3 Ng4 37. Kc2 Nxf2 38. Be8 Nxh3 39. Kd2 Nf2
40. Ke2 Ng4 41. Bxc6 h3 42. Kf1 Nxe3+ 43. Kg1 Nc2 0-1

[Event "Rosenbloom mem."]
[Site "Winnipeg CAN"]
[Date "2016.11.29"]
[Round "5"]
[White "Bince, Rolando"]
[Black "Magnusson, Saul"]
[Result "1-0"]
[WhiteElo "1976"]
[BlackElo "2075"]
[PlyCount "90"]
[EventDate "2016.11.01"]
[EventType "swiss"]
[EventRounds "7"]
[EventCountry "CAN"]

1. e4 e5 2. Nf3 Nc6 3. Bb5 a6 4. Ba4 Nf6 5. d3 d6 6. c3 g6 7. Bg5 b5 8. Bc2 Bg7
9. a4 Bd7 10. h3 O-O 11. Qd2 Qe7 12. O-O Rab8 13. axb5 axb5 14. b4 Ra8 15. Na3
Nd8 16. Bb3 Ne6 17. Bxe6 Qxe6 18. c4 bxc4 19. Bxf6 Qxf6 20. dxc4 Bxh3 21. Nb5
Rxa1 22. Rxa1 Rc8 23. Ra7 Bg4 24. Nh2 Be6 25. Rxc7 Rxc7 26. Nxc7 Bxc4 27. Ne8
Qd8 28. Nxg7 Kxg7 29. Ng4 Qh4 30. f3 Qe7 31. Qh6+ Kg8 32. Qd2 Be6 33. Ne3 Qa7
34. Kh2 Qb6 35. Kg3 Kg7 36. Qc3 Kf8 37. Qa3 Qd4 38. b5 Bd7 39. Nd5 Qc5 40. Qa8+
Qc8 41. Qa7 Bxb5 42. Qe7+ Kg7 43. Qf6+ Kh6 44. Ne7 Qf8 45. Nf5+ Kh5 1-0

[Event "Rosenbloom mem."]
[Site "Winnipeg CAN"]
[Date "2016.11.29"]
[Round "5"]
[White "Clark, Jeff"]
[Black "Rutter, Blair"]
[Result "1/2-1/2"]
[WhiteElo "2076"]
[BlackElo "1875"]
[PlyCount "57"]
[EventDate "2016.11.01"]
[EventType "swiss"]
[EventRounds "7"]
[EventCountry "CAN"]

1. e4 e5 2. Nf3 d6 3. d4 Nd7 4. Be2 Be7 5. O-O Ngf6 6. Nc3 O-O 7. Re1 Re8 8. b3
b6 9. Bb5 Rf8 10. Bc6 Rb8 11. Bb2 exd4 12. Qxd4 Nc5 13. Nd5 Ne6 14. Nxe7+ Qxe7
15. Qc3 Bb7 16. Bxb7 Rxb7 17. Rad1 Rd8 18. e5 Ne8 19. Nd4 Nxd4 20. Rxd4 c5 21.
Rd5 Qf8 22. exd6 f6 23. Qc4 Kh8 24. Qe4 Rbd7 25. Rh5 Qg8 26. Rd5 Rxd6 27. Rxd6
Nxd6 28. Qd3 Qf8 29. Bc1 1/2-1/2

[Event "Rosenbloom mem."]
[Site "Winnipeg CAN"]
[Date "2016.11.29"]
[Round "5"]
[White "Prince, Colin"]
[Black "Wolchock, Theo"]
[Result "0-1"]
[WhiteElo "1895"]
[BlackElo "2001"]
[PlyCount "77"]
[EventDate "2016.11.01"]
[EventType "swiss"]
[EventRounds "7"]
[EventCountry "CAN"]

1. e4 c5 2. Nf3 e6 3. d4 cxd4 4. Nxd4 Nf6 5. Nc3 Bb4 6. Bd3 d6 7. O-O O-O 8.
Bg5 Nbd7 9. Nce2 Bc5 10. c3 Qb6 11. b4 Bxd4 12. Nxd4 Qc7 13. Rc1 d5 14. exd5
Nxd5 15. Bb1 N5f6 16. Qf3 h6 17. Bf4 Qb6 18. Be3 Qd8 19. Rfd1 Qe7 20. Re1 Qd8
21. c4 Ne5 22. Qg3 Neg4 23. Rcd1 Nxe3 24. Qxe3 Qc7 25. Qd3 Bd7 26. Qc2 Bc6 27.
b5 Bd7 28. Nf3 Rac8 29. Ne5 Rfd8 30. Rd3 Be8 31. Rf3 Rd4 32. h3 Qa5 33. Re2
Rcd8 34. Rxf6 gxf6 35. Qh7+ Kf8 36. Ng4 Rxg4 37. hxg4 Rd1+ 38. Kh2 Qc7+ 39. g3
0-1

[Event "Rosenbloom mem."]
[Site "Winnipeg CAN"]
[Date "2016.11.29"]
[Round "5"]
[White "Valentino, Marcos"]
[Black "Gentes, Kevin"]
[Result "1-0"]
[WhiteElo "2224"]
[BlackElo "2363"]
[PlyCount "25"]
[EventDate "2016.11.01"]
[EventType "swiss"]
[EventRounds "7"]
[EventCountry "CAN"]

1. Nf3 Nf6 2. c4 g6 3. g3 Bg7 4. Bg2 O-O 5. O-O d6 6. Nc3 e5 7. d4 Nbd7 8. dxe5
dxe5 9. Qa4 c6 10. Qc2 Re8 11. b3 e4 12. Ng5 h6 13. Nh3 {
[Scoresheets  illegible-  White  won  in} 1-0

[Event "Rosenbloom mem."]
[Site "Winnipeg CAN"]
[Date "2016.11.29"]
[Round "5"]
[White "Wiebe, Isaac"]
[Black "Boron, Anthony"]
[Result "1/2-1/2"]
[WhiteElo "2186"]
[BlackElo "2032"]
[PlyCount "51"]
[EventDate "2016.11.01"]
[EventType "swiss"]
[EventRounds "7"]
[EventCountry "CAN"]

1. e4 c6 2. d4 d5 3. exd5 cxd5 4. c4 Nf6 5. Nc3 Nc6 6. Bg5 dxc4 7. Bxc4 Qxd4 8.
Qxd4 Nxd4 9. O-O-O e5 10. f4 Ne6 11. Bxf6 gxf6 12. Bb5+ Ke7 13. Nd5+ Kd6 14.
Nb6+ Kc5 15. Nxa8 Kxb5 16. Ne2 Bc5 17. fxe5 Be3+ 18. Kb1 fxe5 19. Rhf1 Nd4 20.
Nc7+ Kc6 21. Nxd4+ exd4 22. Rxf7 Bg4 23. Rdf1 Bg5 24. h4 Be2 25. hxg5 Bxf1 26.
Rxf1 1/2-1/2

[Event "Rosenbloom mem."]
[Site "Winnipeg CAN"]
[Date "2016.12.13"]
[Round "6"]
[White "Clark, Jeff"]
[Black "Valentino, Marcos"]
[Result "1-0"]
[WhiteElo "2076"]
[BlackElo "2224"]
[PlyCount "89"]
[EventDate "2016.11.01"]
[EventType "swiss"]
[EventRounds "7"]
[EventCountry "CAN"]

1. d4 Nf6 2. c4 d6 3. Nf3 Nbd7 4. Nc3 c5 5. d5 g6 6. g3 Bg7 7. Bg2 O-O 8. O-O
a6 9. Qc2 Qc7 10. Rb1 Ng4 11. b3 Rb8 12. a4 b6 13. Bb2 h6 14. Rbe1 Kh7 15. h3
Ngf6 16. e4 Nh5 17. Kh2 Ne5 18. Ng1 f5 19. f4 Nf7 20. exf5 Bxf5 21. Qe2 Rbe8
22. g4 Nxf4 23. Rxf4 Be5 24. gxf5 Bxf4+ 25. Kh1 gxf5 26. Qf2 Ne5 27. Qxf4 Nd3
28. Qd2 Nxe1 29. Qxe1 Rg8 30. Nge2 e5 31. dxe6 Rxe6 32. Qf2 Qf7 33. Nf4 Re5 34.
Bd5 Qe8 35. Bxg8+ Kxg8 36. Ncd5 Re1+ 37. Kh2 Kf8 38. Qg2 Qf7 39. Ng6+ Ke8 40.
Nf6+ Kd8 41. Qa8+ Kc7 42. Qa7+ Kc6 43. Qxf7 Re2+ 44. Kg3 Rxb2 45. Qd7# 1-0

[Event "Rosenbloom mem."]
[Site "Winnipeg CAN"]
[Date "2016.12.13"]
[Round "6"]
[White "Gentes, Kevin"]
[Black "Wolchock, Theo"]
[Result "1-0"]
[WhiteElo "2363"]
[BlackElo "2001"]
[PlyCount "80"]
[EventDate "2016.11.01"]
[EventType "swiss"]
[EventRounds "7"]
[EventCountry "CAN"]

1. Nf3 d5 2. g3 Nf6 3. Bg2 c6 4. O-O g6 5. b3 Bg7 6. Bb2 O-O 7. d3 Nbd7 8. Nbd2
Qc7 9. c4 e6 10. Rc1 a5 11. a3 Qd6 12. Qc2 Qe7 13. Rfe1 Rd8 14. d4 h6 15. c5
Ne8 16. Ne5 Nxe5 17. dxe5 Kh7 18. f4 f5 19. exf6 Nxf6 20. e4 Qf7 21. e5 Ng8 22.
Nf3 Ne7 23. Qd2 Rf8 24. Rf1 Bd7 25. Ne1 Qg8 26. Nd3 a4 27. b4 Rae8 28. Nf2 Qf7
29. Ng4 Ng8 30. Ne3 Ne7 31. g4 Qg8 32. Qd3 Bc8 33. Rf2 Bd7 34. Rcf1 Bh8 35. Kh1
Rf7 36. Bh3 Ref8 37. Qc2 Bc8 38. Qxa4 Bd7 39. Qc2 Bc8 40. Qd3 Bg7 {
and  White  won  in} 1-0

[Event "Rosenbloom mem."]
[Site "Winnipeg CAN"]
[Date "2016.12.13"]
[Round "6"]
[White "Rutter, Blair"]
[Black "Boron, Anthony"]
[Result "1-0"]
[WhiteElo "1875"]
[BlackElo "2032"]
[PlyCount "97"]
[EventDate "2016.11.01"]
[EventType "swiss"]
[EventRounds "7"]
[EventCountry "CAN"]

1. c4 e6 2. e4 d5 3. e5 d4 4. d3 c5 5. f4 Nc6 6. Nf3 g6 7. Be2 Nh6 8. Nbd2 Nf5
9. Ne4 Be7 10. O-O h5 11. a3 b6 12. Rb1 Bd7 13. Qe1 a5 14. h3 Bc8 15. Bd1 Bd7
16. g4 hxg4 17. hxg4 Nh6 18. Qg3 Ng8 19. g5 Qc7 20. Rf2 Na7 21. Rh2 Rxh2 22.
Qxh2 O-O-O 23. Qh7 Rf8 24. Qg7 Qd8 25. Bd2 Bc6 26. Nf6 Bd7 27. Nh7 Qe8 28. Nxf8
Qxf8 29. Qh7 Nc6 30. Be2 Bd8 31. Qh4 Nge7 32. Qh6 Qg8 33. Kf2 Nf5 34. Qh3 Qe8
35. Rh1 Be7 36. Qh8 Bf8 37. Rh7 Nce7 38. Nh4 Kc7 39. Nxf5 exf5 40. Bf3 Be6 41.
Rh1 Nc6 42. Rb1 Qc8 43. Qh1 Ne7 44. b4 cxb4 45. axb4 a4 46. b5 Qb8 47. Ra1 Nc8
48. Rxa4 Na7 49. Qa1 1-0

[Event "Rosenbloom mem."]
[Site "Winnipeg CAN"]
[Date "2016.12.20"]
[Round "7"]
[White "Boron, Anthony"]
[Black "Gentes, Kevin"]
[Result "1/2-1/2"]
[WhiteElo "2032"]
[BlackElo "2363"]
[PlyCount "93"]
[EventDate "2016.11.01"]
[EventType "swiss"]
[EventRounds "7"]
[EventCountry "CAN"]

1. e4 e6 2. d4 d5 3. Nd2 Nf6 4. e5 Nfd7 5. Bd3 c5 6. c3 Nc6 7. Ne2 cxd4 8. cxd4
f6 9. exf6 Nxf6 10. O-O Bd6 11. Nf3 Qc7 12. Bg5 O-O 13. Ng3 h6 14. Be3 Ng4 15.
Bd2 e5 16. dxe5 Ngxe5 17. Nxe5 Nxe5 18. Rc1 Qf7 19. Be2 Be6 20. Bc3 Rad8 21.
Qa4 Nc6 22. Bb5 d4 23. Bd2 Bxa2 24. Bxc6 bxc6 25. Qxc6 Bd5 26. Qa6 Bb7 27. Qd3
Qd5 28. f3 Bc6 29. Rfe1 Rb8 30. Qe4 Bxg3 31. hxg3 Qxe4 32. fxe4 Rxb2 33. Bxh6
Bb5 34. Bf4 g5 35. Rb1 Rxb1 36. Rxb1 Bd3 37. Rd1 Bc2 38. Rd2 gxf4 39. Rxc2 fxg3
40. Rd2 Rd8 41. Rd3 Kf7 42. Kf1 Ke6 43. Rxg3 Ke5 44. Ke2 Kxe4 45. Rg4+ Kf5 46.
Rh4 Rd7 47. Kd3 1/2-1/2

[Event "Rosenbloom mem."]
[Site "Winnipeg CAN"]
[Date "2016.12.20"]
[Round "7"]
[White "Magnusson, Saul"]
[Black "Clark, Jeff"]
[Result "1-0"]
[WhiteElo "2075"]
[BlackElo "2076"]
[PlyCount "78"]
[EventDate "2016.11.01"]
[EventType "swiss"]
[EventRounds "7"]
[EventCountry "CAN"]

1. d4 Nf6 2. c4 e6 3. Nc3 Bb4 4. Qc2 d5 5. Bg5 h6 6. Bh4 O-O 7. e3 Be7 8. cxd5
exd5 9. Bd3 Re8 10. Nf3 c5 11. dxc5 Nc6 12. O-O Nb4 13. Qd2 Nxd3 14. Qxd3 Bxc5
15. Bxf6 Qxf6 16. Qb5 Qc6 17. Nd4 Bxd4 18. Qxc6 bxc6 19. exd4 Rb8 20. b3 Rb4
21. Rfe1 Rxe1+ 22. Rxe1 Kf8 23. Rd1 Ke7 24. Na4 Kd6 25. Nc5 Be6 26. f3 h5 27.
Kf2 g6 28. h4 a5 29. Ke3 Bf5 30. Re1 Rb5 31. Kd2 Rxc5 32. dxc5+ Kxc5 33. Re7
Be6 34. Ra7 Kb6 35. Ra8 c5 36. Ke3 Bf5 37. Kf4 Bb1 38. a4 c4 39. bxc4 dxc4 1-0

[Event "Rosenbloom mem."]
[Site "Winnipeg CAN"]
[Date "2016.12.20"]
[Round "7"]
[White "Valentino, Marcos"]
[Black "Bince, Rolando"]
[Result "0-1"]
[WhiteElo "2224"]
[BlackElo "1976"]
[PlyCount "69"]
[EventDate "2016.11.01"]
[EventType "swiss"]
[EventRounds "7"]
[EventCountry "CAN"]

1. d4 Nf6 2. Nf3 d5 3. c4 e6 4. Nc3 Be7 5. Bg5 Nbd7 6. e3 h6 7. Bh4 O-O 8. Bd3
c5 9. O-O b6 10. cxd5 exd5 11. Rc1 Bb7 12. Nd2 Ne4 13. Bxe7 Qxe7 14. Ne2 Rac8
15. Nxe4 dxe4 16. Bc4 Nf6 17. Qa4 a6 18. Qa3 b5 19. Bb3 Nd7 20. Rc2 Qg5 21.
dxc5 Rxc5 22. Rd1 Rxc2 23. Bxc2 Ne5 24. Kf1 Nc4 25. Qc3 Rd8 26. Rd4 Rc8 27. Qb3
Qe5 28. Qc3 Nxe3+ 29. Qxe3 Rxc2 30. Qb3 Rc1+ 31. Nxc1 Qxd4 32. Ke2 Bd5 33. Qc2
Bc4+ 34. Ke1 g6 35. Qd2 {Scoresheets  deteriorate  White  flagged  around  move
} 0-1

[Event "Rosenbloom mem."]
[Site "Winnipeg CAN"]
[Date "2016.12.20"]
[Round "7"]
[White "Wolchock, Theo"]
[Black "Rutter, Blair"]
[Result "0-1"]
[WhiteElo "2001"]
[BlackElo "1876"]
[PlyCount "62"]
[EventDate "2016.11.01"]
[EventType "swiss"]
[EventRounds "7"]
[EventCountry "CAN"]

1. c4 g6 2. g3 Bg7 3. Bg2 Nc6 4. Nc3 e6 5. Nf3 Nge7 6. O-O O-O 7. d4 d5 8. cxd5
exd5 9. Bf4 a6 10. Ne5 Be6 11. Qd2 Nxe5 12. Bxe5 f6 13. Bf4 c6 14. h4 Qd7 15.
Na4 Rae8 16. Nc5 Qc8 17. Qb4 Nf5 18. Qd2 h6 19. Kh2 g5 20. hxg5 hxg5 21. Be3
Kf7 22. Rh1 Rh8+ 23. Kg1 Nd6 24. Qb4 Qc7 25. Rc1 Qe7 26. b3 Bg4 27. Rxh8 Rxh8
28. Nxa6 Bxe2 29. Bxd5+ Kg6 30. Re1 cxd5 31. f3 Qxe3+ 0-1

[Event "Ruy Lopez"]
[Site "Trois-Rivieres CAN"]
[Date "2016.04.18"]
[Round "1"]
[White "Piche, Marc"]
[Black "Mercure, Gilbert"]
[Result "0-1"]
[WhiteElo "1510"]
[BlackElo "1742"]
[PlyCount "71"]
[EventDate "2016.04.18"]
[EventType "swiss"]
[EventRounds "6"]
[EventCountry "CAN"]

1. e4 d5 2. e5 c5 3. Nc3 Nc6 4. Bb5 Bf5 5. Bxc6+ bxc6 6. d3 d4 7. Ne4 Qd5 8.
Nf3 Bxe4 9. dxe4 Qxe4+ 10. Qe2 Qd5 11. O-O e6 12. Rd1 Rd8 13. Qd3 Ne7 14. Bg5
f6 15. c4 dxc3 16. Qc2 Qc4 17. Rxd8+ Kxd8 18. exf6 gxf6 19. Bxf6 Rg8 20. Qxc3
Qd5 21. Qd2 Kc7 22. Qxd5 cxd5 23. Re1 Kd6 24. Be5+ Kd7 25. b3 Nc6 26. Bb2 Bd6
27. Ne5+ Bxe5 28. Bxe5 Nb4 29. Re2 Nd3 30. f4 a5 31. g3 a4 32. Rd2 Nxe5 33.
fxe5 axb3 34. axb3 Rg4 35. Rc2 Rb4 36. Kf2 0-1

[Event "Ruy Lopez"]
[Site "Trois-Rivieres CAN"]
[Date "2016.04.25"]
[Round "2"]
[White "Mercure, Gilbert"]
[Black "Adam, Dany"]
[Result "1-0"]
[WhiteElo "1742"]
[BlackElo "1575"]
[PlyCount "89"]
[EventDate "2016.04.18"]
[EventType "swiss"]
[EventRounds "6"]
[EventCountry "CAN"]

1. e4 e6 2. d4 d5 3. exd5 exd5 4. Bb5+ c6 5. Bd3 Nf6 6. Bf4 Bd6 7. Qe2+ Be6 8.
Bxd6 Qxd6 9. Nf3 Nbd7 10. O-O O-O 11. Ne5 Rae8 12. h3 Qc7 13. f4 Nxe5 14. fxe5
Bc8 15. Nd2 Re7 16. Rf4 Rfe8 17. Raf1 Qb6 18. Qf2 Ne4 19. Nxe4 dxe4 20. Rxf7
Qd8 21. Bc4 Be6 22. Bxe6 Rxe6 23. Rxb7 Rf8 24. Qxf8+ Qxf8 25. Rxf8+ Kxf8 26.
Rxa7 Rg6 27. Ra3 Ke7 28. Kf2 Ke6 29. c4 Kf5 30. g4+ Kf4 31. Ra7 e3+ 32. Ke2 Ke4
33. Ra3 Kxd4 34. Rxe3 Re6 35. b3 Kc5 36. a3 Kd4 37. Kf3 g5 38. b4 Kxc4 39. Ke4
h6 40. Kf5 Re8 41. e6 Kd4 42. Re1 Kd5 43. Kf6 Kd6 44. e7 Kd7 45. Kf7 1-0

[Event "Ruy Lopez"]
[Site "Trois-Rivieres CAN"]
[Date "2016.05.02"]
[Round "3"]
[White "Grenier, Sylvain"]
[Black "Mercure, Gilbert"]
[Result "0-1"]
[WhiteElo "1528"]
[BlackElo "1742"]
[PlyCount "62"]
[EventDate "2016.04.18"]
[EventType "swiss"]
[EventRounds "6"]
[EventCountry "CAN"]

1. c4 f6 2. d4 e5 3. d5 Bb4+ 4. Nc3 Bxc3+ 5. bxc3 d6 6. e4 Ne7 7. Bd3 Na6 8.
Ne2 Nc5 9. Ng3 O-O 10. O-O Qd7 11. a4 f5 12. exf5 Nxd3 13. Qxd3 Nxf5 14. Ne4
Qf7 15. f4 exf4 16. Bxf4 Qg6 17. Rae1 Bd7 18. Ng5 Rae8 19. g4 h6 20. gxf5 Bxf5
21. Qg3 hxg5 22. Rxe8 Rxe8 23. Bxg5 Re2 24. Qf4 Qh5 25. h4 g6 26. Rf2 Re4 27.
Qd2 Rxc4 28. Qe3 Re4 29. Qxa7 Qg4+ 30. Rg2 Re1+ 31. Kf2 Re2+ 0-1

[Event "Scarborough CC - Jack Frost U1400"]
[Site "Toronto CAN"]
[Date "2016.01.21"]
[Round "3"]
[White "Pishdad, Hassan"]
[Black "Zhao, Jeffrey R"]
[Result "1/2-1/2"]
[WhiteElo "1121"]
[BlackElo "1100"]
[PlyCount "47"]
[EventDate "2016.01.07"]
[EventType "swiss"]
[EventRounds "6"]
[EventCountry "CAN"]

1. d4 Nf6 2. c4 g6 3. Nc3 Bg7 4. e4 d6 5. Nf3 O-O 6. Be2 e5 7. d5 a5 8. O-O Na6
9. Be3 Nd7 10. Qd2 f5 11. Bh6 f4 12. Bxg7 Kxg7 13. Nb5 b6 14. a3 Ndc5 15. Qc2
a4 16. Nc3 Nb3 17. Rad1 Nac5 18. Nd2 Nd4 19. Qb1 g5 20. Nf3 Ndb3 21. Nd2 Nd4
22. Nf3 Ndb3 23. Nd2 Nd4 24. Nf3 1/2-1/2

[Event "Scarborough CC - Jack Frost U1400"]
[Site "Toronto CAN"]
[Date "2016.01.28"]
[Round "4"]
[White "Wang, Colin"]
[Black "Pishdad, Hassan"]
[Result "1-0"]
[WhiteElo "1018"]
[BlackElo "1121"]
[PlyCount "87"]
[EventDate "2016.01.07"]
[EventType "swiss"]
[EventRounds "6"]
[EventCountry "CAN"]

1. d4 Nf6 2. c4 e6 3. Nc3 d5 4. Bg5 Be7 5. Nf3 Nc6 6. e3 h6 7. Bh4 O-O 8. Qc2
Nh5 9. Bxe7 Qxe7 10. cxd5 exd5 11. Nxd5 Qd6 12. Bc4 Be6 13. e4 Nb4 14. Qb3 Bxd5
15. Bxd5 c6 16. e5 Qe7 17. Bc4 Nf4 18. O-O b5 19. Bd3 Nbxd3 20. g3 Ne2+ 21. Kg2
Nb4 22. Qe3 Nxg3 23. fxg3 Nc2 24. Qc3 Nxa1 25. Rxa1 Rac8 26. Rc1 Qe6 27. b3 Qd5
28. Kf2 Rc7 29. Nh4 g6 30. Ng2 Rd8 31. Rd1 c5 32. Ne3 cxd4 33. Nxd5 Rxc3 34.
Nxc3 Rc8 35. Nxb5 Rc2+ 36. Kg1 Rxa2 37. Nxd4 Ra5 38. Nc6 Ra3 39. b4 a6 40. Re1
Rc3 41. Na5 Rc7 42. e6 Re7 43. exf7+ Rxf7 44. Re6 1-0

[Event "Scarborough CC - Jack Frost U1400"]
[Site "Toronto CAN"]
[Date "2016.02.04"]
[Round "5"]
[White "Pishdad, Hassan"]
[Black "Zhang, Julian"]
[Result "1-0"]
[WhiteElo "1121"]
[BlackElo "857"]
[PlyCount "103"]
[EventDate "2016.01.07"]
[EventType "swiss"]
[EventRounds "6"]
[EventCountry "CAN"]

1. d4 d5 2. c4 e6 3. e3 Nf6 4. Nf3 Bb4+ 5. Bd2 Be7 6. cxd5 exd5 7. Bd3 O-O 8.
Bc3 Nc6 9. a3 Be6 10. O-O Bd6 11. h3 Re8 12. Nbd2 Bf8 13. Qb3 Rb8 14. Qc2 Qd7
15. Ng5 g6 16. Ndf3 Bg7 17. Nxe6 Rxe6 18. Ng5 Ree8 19. Bb5 a6 20. Bd3 Rbd8 21.
Rfe1 b5 22. b4 Qd6 23. Rac1 Nb8 24. e4 c6 25. e5 Qc7 26. exf6 Bxf6 27. Nf3 Bg7
28. Rxe8+ Rxe8 29. Re1 Rf8 30. Bd2 Nd7 31. g3 Nf6 32. Bf4 Qd7 33. Kg2 Nh5 34.
Qd2 Re8 35. Rxe8+ Qxe8 36. Qc1 Nxf4+ 37. gxf4 Bh6 38. Qe3 Qb8 39. Ne5 Qc7 40.
Qg3 Kg7 41. f5 f6 42. fxg6 Bg5 43. h4 hxg6 44. hxg5 fxe5 45. Qxe5+ Qxe5 46.
dxe5 Kf7 47. f4 Ke6 48. Kf3 Ke7 49. Ke3 Kf7 50. Kd4 Ke6 51. Kc5 Ke7 52. Bxg6
1-0

[Event "Scarborough CC - Jack Frost U1400"]
[Site "Toronto CAN"]
[Date "2016.02.11"]
[Round "6"]
[White "Xiao, Edward"]
[Black "Pishdad, Hassan"]
[Result "1/2-1/2"]
[WhiteElo "1153"]
[BlackElo "1211"]
[PlyCount "120"]
[EventDate "2016.01.07"]
[EventType "swiss"]
[EventRounds "6"]
[EventCountry "CAN"]

1. e4 c5 2. Nf3 e6 3. Nc3 d5 4. exd5 exd5 5. d4 cxd4 6. Nxd4 Nf6 7. Bg5 Bb4 8.
Qe2+ Qe7 9. Qxe7+ Kxe7 10. O-O-O Bxc3 11. bxc3 Rd8 12. c4 Kf8 13. cxd5 Rxd5 14.
Bxf6 gxf6 15. h3 b6 16. g3 Rd7 17. Bg2 Bb7 18. Bxb7 Rxb7 19. Nf5 Nd7 20. Rd2
Ne5 21. Rhd1 Rbb8 22. f4 Nc4 23. Rd4 b5 24. Rd7 a6 25. Re7 Re8 26. Rdd7 Rxe7
27. Rxe7 Rb8 28. Rc7 Kg8 29. a4 Re8 30. Kb1 Na3+ 31. Kb2 b4 32. h4 h5 33. Nd6
Re2 34. Rc3 Re6 35. Nc4 Nxc4+ 36. Rxc4 a5 37. c3 bxc3+ 38. Kxc3 Kg7 39. Kd4 Kg6
40. Rc5 Ra6 41. f5+ Kg7 42. Kc4 Ra7 43. Kd5 Re7 44. Rxa5 Re3 45. Rb5 Rxg3 46.
a5 Rh3 47. Kc6 Rc3+ 48. Kb7 Rc4 49. a6 Rxh4 50. a7 Ra4 51. Kb8 Ra6 52. Rb7 Ra5
53. a8=Q Rxa8+ 54. Kxa8 h4 55. Kb8 Kh6 56. Rxf7 Kg5 57. Rh7 h3 58. Rxh3 Kxf5
59. Kb7 Kg4 60. Ra3 f5 1/2-1/2

[Event "Scarborough CC - Winter Swiss"]
[Site "Toronto CAN"]
[Date "2016.03.10"]
[Round "4"]
[White "Ward, Dean"]
[Black "Wang, Constance"]
[Result "1-0"]
[WhiteElo "1765"]
[BlackElo "2002"]
[PlyCount "61"]
[EventDate "2016.02.18"]
[EventType "swiss"]
[EventRounds "6"]
[EventCountry "CAN"]

1. d4 Nf6 2. c4 e6 3. Nf3 b6 4. g3 Bb7 5. Bg2 Bb4+ 6. Bd2 Be7 7. Nc3 O-O 8. O-O
c5 9. dxc5 Bxc5 10. Qc2 Nc6 11. a3 a5 12. Nb5 Ba6 13. Bc3 Rc8 14. Ng5 g6 15. b4
axb4 16. axb4 Bxb5 17. bxc5 Bxc4 18. Bxf6 Qxf6 19. Ne4 Qg7 20. Qxc4 Ne5 21. Qb5
bxc5 22. Nxc5 d5 23. Nd7 Nxd7 24. Qxd7 Rc2 25. e3 Qf6 26. Ra7 Rfc8 27. Qa4 R2c4
28. Qa1 Qf5 29. Ra8 h6 30. Rxc8+ Rxc8 31. Rc1 1-0

[Event "Scarborough CC - Winter Swiss U1400"]
[Site "Toronto CAN"]
[Date "2016.02.18"]
[Round "1"]
[White "Wang, Kaison"]
[Black "Pishdad, Hassan"]
[Result "0-1"]
[WhiteElo "729"]
[BlackElo "1169"]
[PlyCount "114"]
[EventDate "2016.02.18"]
[EventType "swiss"]
[EventRounds "6"]
[EventCountry "CAN"]

1. e4 c5 2. Nf3 e6 3. Bd3 d5 4. O-O c4 5. Be2 Be7 6. d4 dxe4 7. Nfd2 Qxd4 8.
Bxc4 e3 9. fxe3 Qxe3+ 10. Kh1 Qc5 11. Nc3 Nf6 12. Bb3 O-O 13. Nf3 b6 14. Ng5
Bb7 15. Bf4 Qc6 16. Rg1 Bc5 17. Ba4 Qc8 18. Re1 Nbd7 19. Nge4 Rd8 20. Nxf6+
Nxf6 21. Qc1 a6 22. Bb3 Qc6 23. Re2 Ng4 24. Bg5 Nf2+ 25. Rxf2 Bxf2 26. Qf1 Be1
27. Bxd8 Rxd8 28. Rxe1 Rd2 29. Re2 Rd4 30. Qg1 Rd6 31. Rf2 b5 32. Qf1 Rd7 33.
a4 b4 34. Na2 a5 35. c3 Ba6 36. Qg1 Bc4 37. Bxc4 Qxc4 38. Nc1 bxc3 39. bxc3
Qxa4 40. Rb2 f6 41. Rb8+ Kf7 42. Qc5 Rd1+ 43. Qg1 Rxg1+ 44. Kxg1 Qd1+ 45. Kf2
Qxc1 46. Rb7+ Kg6 47. Rc7 Qf4+ 48. Ke2 Qxc7 49. Kd2 Qc4 50. Kc2 a4 51. Kb2 Kf5
52. Kc2 Ke4 53. h3 Ke3 54. g4 Qb3+ 55. Kc1 a3 56. g5 Qb2+ 57. Kd1 Qd2# 0-1

[Event "Scarborough CC-ch U1800"]
[Site "Toronto CAN"]
[Date "2016.04.21"]
[Round "4"]
[White "Kong, Boyuan"]
[Black "Pishdad, Hassan"]
[Result "0-1"]
[WhiteElo "1383"]
[BlackElo "1109"]
[PlyCount "32"]
[EventDate "2016.03.31"]
[EventType "swiss"]
[EventRounds "8"]
[EventCountry "CAN"]

1. e4 c5 2. Nf3 e6 3. d4 cxd4 4. Nxd4 Nc6 5. Be3 Nf6 6. f3 a6 7. a3 Be7 8. Nc3
O-O 9. Qd2 e5 10. Nf5 d6 11. Bc4 Bxf5 12. exf5 b5 13. Bd5 Rc8 14. b4 Nxd5 15.
Nxd5 Bh4+ 16. Ke2 Re8 0-1

[Event "Scarborough CC-ch U1800"]
[Site "Toronto CAN"]
[Date "2016.04.28"]
[Round "5"]
[White "Azizi, Hamid"]
[Black "Pishdad, Hassan"]
[Result "0-1"]
[WhiteElo "1365"]
[BlackElo "1109"]
[PlyCount "110"]
[EventDate "2016.03.31"]
[EventType "swiss"]
[EventRounds "8"]
[EventCountry "CAN"]

1. d3 Nf6 2. g3 e6 3. Bg2 d5 4. Nf3 Bb4+ 5. c3 Be7 6. Bf4 Nc6 7. Nbd2 Nh5 8.
Be5 Nxe5 9. Nxe5 Bd6 10. e4 Nf6 11. f4 dxe4 12. dxe4 Bxe5 13. fxe5 Nd7 14. Nf3
O-O 15. O-O Nc5 16. Qc2 b6 17. Rad1 Qe8 18. b4 Qa4 19. Qb1 Ba6 20. bxc5 Bxf1
21. Bxf1 bxc5 22. Bb5 Qa5 23. Bc6 Rab8 24. Qc2 Qb6 25. Ba4 c4+ 26. Kg2 Qb2 27.
Rd2 Qb6 28. Nd4 c5 29. Nb5 Qa6 30. Nd6 f6 31. exf6 gxf6 32. Bd7 Rfd8 33. Bxe6+
Kf8 34. Bxc4 Qc6 35. Kg1 Rxd6 36. Rxd6 Qxd6 37. Bd5 f5 38. Qf2 Qe5 39. Qxc5+
Kg7 40. Qxa7+ Kh6 41. Qe3+ Kg7 42. Qg5+ Kh8 43. Qxf5 Qxc3 44. Kg2 Qg7 45. a4
Rb2+ 46. Kf3 Qc3+ 47. Kf4 Rf2+ 48. Kg4 Rxf5 49. Kxf5 Qa5 50. h4 Qxa4 51. h5 Kg7
52. g4 Qd7+ 53. Be6 Qb5+ 54. Bd5 h6 55. Ke6 Qe2 0-1